000 00704nam a2200181Ia 4500
008 100921s9999 xx 000 0 und d
082 _b31323
_a920.02 थ 99
100 _aभावे पुरूषोत्तम भास्कर.
245 _aझुंबर.
260 _bवसंत बुक स्टॉल,मुंबई.
_c1999
300 _a176
_bजयेश एजन्सी,पुणे.
365 _b125
520 _aचरित्र- संग्रह,व्यिक्तचित्रे.
630 _aझुंबर.
650 _aचरित्र- संग्रह,व्यिक्तचित्रे.
730 _aझुंबर.
942 _cBOOK
999 _c780436
_d780433